[Event "Budapest FS07 FM-B"]
[Site "Budapest"]
[Date "2005.07.06"]
[Round "5"]
[White "Iinattiniemi, Kari"]
[Black "Papp, Jozsef"]
[Result "1-0"]
[WhiteElo "1974"]
[BlackElo "1916"]
[PlyCount "68"]
[EventDate "2005.07.02"]
[EventType "tourn"]
[EventRounds "9"]
[EventCountry "HUN"]
[SourceTitle "EXT 2008"]
[Source "ChessBase"]
[SourceDate "2007.11.25"]
[SourceVersion "1"]
[SourceVersionDate "2007.11.25"]
[SourceQuality "1"]

1. d4 d5 2. Bg5 g6 3. Nf3 Bg7 4. e3 Nf6 5. Bd3 0-0 6. 0-0 Bg4 7. Nbd2 Qd6 8. c3 Nbd7 9. h3 Be6 10. Qb3 Qb6 11. Rfe1 Rfe8 12. Bf4 Qxb3 13. Nxb3 c6 14. Ng5 h6 15. Nxe6 fxe6 16. Bxg6 Rf8 17. Bg3 Ne8 18. e4 Bf6 19. e5 Bg5 20. Rf1 Bf4 21. Rad1 Ng7 22. Rd3 Bxg3 23. Rxg3 b6 24. Bd3 Kh8 25. Rg6 h5 26. Rh6+ Kg8 27. Bh7+ Kf7 28. Bg6+ Kg8 29. Bxh5 Rf5 30. Bg4 Nf8 31. Bxf5 Nxf5 32. Rh5 Nh7 33. g4 Ng7 34. Rh6 Ng5 1-0

[Event "Budapest FS07 FM-B"]
[Site "Budapest"]
[Date "2005.07.04"]
[Round "3"]
[White "Iinattiniemi, Kari"]
[Black "Wiid, Daleen"]
[Result "1-0"]
[WhiteElo "1974"]
[BlackElo "1990"]
[PlyCount "45"]
[EventDate "2005.07.02"]
[EventType "tourn"]
[EventRounds "9"]
[EventCountry "HUN"]
[SourceTitle "EXT 2008"]
[Source "ChessBase"]
[SourceDate "2007.11.25"]
[SourceVersion "1"]
[SourceVersionDate "2007.11.25"]
[SourceQuality "1"]

1. d4 d5 2. Nf3 e6 3. e3 Nf6 4. Bd3 c5 5. c3 Bd6 6. Nbd2 Nc6 7. 0-0 0-0 8. dxc5 Bxc5 9. e4 Qc7 10. Qe2 e5 11. exd5 Nxd5 12. Bxh7+ Kxh7 13. Qe4+ g6 14. Qxd5 Be7 15. Ne4 Kg7 16. Nfg5 Bxg5 17. Bxg5 Be6 18. Bf6+ Kg8 19. Qd2 Kh7 20. Qg5 Bg4 21. Qxg4 Qc8 22. Qh4+ Kg8 23. Qh8# 1-0

[Event "Budapest FS07 FM-B"]
[Site "Budapest"]
[Date "2005.07.03"]
[Round "2"]
[White "Dobos, Otto"]
[Black "Iinattiniemi, Kari"]
[Result "1/2-1/2"]
[WhiteElo "1963"]
[BlackElo "1974"]
[PlyCount "47"]
[EventDate "2005.07.02"]
[EventType "tourn"]
[EventRounds "9"]
[EventCountry "HUN"]
[SourceTitle "EXT 2008"]
[Source "ChessBase"]
[SourceDate "2007.11.25"]
[SourceVersion "1"]
[SourceVersionDate "2007.11.25"]
[SourceQuality "1"]

1. d4 d5 2. Nf3 c6 3. c3 e6 4. Bf4 f5 5. e3 Nf6 6. h3 Bd6 7. Ne5 0-0 8. Nd2 Bc7 9. Be2 Nbd7 10. Nxd7 Bxd7 11. Bxc7 Qxc7 12. 0-0 c5 13. Nf3 c4 14. Ne5 Be8 15. f4 Nd7 16. Nxd7 Bxd7 17. Rf2 b5 18. a3 a5 19. g4 Qd6 20. Bf3 Ra7 21. Qc2 Bc6 22. Rg2 Re7 23. Qd2 a4 24. Rf1 1/2-1/2